ՀՀ Գիտությունների ազգային ակադեմիայի հիմնարար գիտական գրադարան  =   Fundamental Scientific Library of NAS RA

Հավերժ Ռուսիայի հետ : (Record no. 135796)

MARC details
000 -LEADER
fixed length control field 01347nam a2200241 u 4500
001 - CONTROL NUMBER
control field 000354344
003 - CONTROL NUMBER IDENTIFIER
control field AM-YeHGA
005 - DATE AND TIME OF LATEST TRANSACTION
control field 20250618072218.0
008 - FIXED-LENGTH DATA ELEMENTS--GENERAL INFORMATION
fixed length control field 040723s1978 ai r 000 0 arm d
040 ## - CATALOGING SOURCE
Original cataloging agency AM-YeHGA
041 0# - LANGUAGE CODE
Language code of text/sound track or separate title arm
090 ## - LOCALLY ASSIGNED LC-TYPE CALL NUMBER (OCLC); LOCAL CALL NUMBER (RLIN)
-- 137166
245 00 - TITLE STATEMENT
Title Հավերժ Ռուսիայի հետ :
Remainder of title 1828-1978 : (Մեթոդ. նյութերի ժող.) /
Statement of responsibility, etc. ՀՍՍՀ կուլտ. մին-թյուն. Ալ. Մյասնիկյանի անվ. հանրապետ. գրադ. Գրադարանագիտ. գիտամեթոդ. բաժին; Խմբ.՝ Ա.Ս. Օհանյան; Կազմ.՝ Ռ.Ա. Ղազարյան, Վ.Ա. Պապյան.
260 ## - PUBLICATION, DISTRIBUTION, ETC.
Place of publication, distribution, etc. Երևան :
Name of publisher, distributor, etc. Ա. հ,
Date of publication, distribution, etc. 1978.
300 ## - PHYSICAL DESCRIPTION
Extent 240 էջ :
Other physical details քարտեզ ;
Dimensions 19 սմ.
546 ## - LANGUAGE NOTE
Language note Տեքստը հայ. և ռուս. լեզվ.
650 14 - SUBJECT ADDED ENTRY--TOPICAL TERM
Topical term or geographic name entry element Գրադարանային գործ
Form subdivision Մեթոդական նյութեր
653 0# - INDEX TERM--UNCONTROLLED
Uncontrolled term Ռուս և հայ ժողովուրդների բարեկամություն
700 1# - ADDED ENTRY--PERSONAL NAME
Personal name Օհանյան, Ավետիք Սուրենի,
Dates associated with a name 1918-1988
Relator term խմբ.
Relationship edt
9 (RLIN) 3256
700 1# - ADDED ENTRY--PERSONAL NAME
Personal name Ղազարյան, Ռ.Ա.
Relator term կազմ.
Relationship com
710 2# - ADDED ENTRY--CORPORATE NAME
Corporate name or jurisdiction name as entry element ՀՍՍՀ Կուլտուրայի մինիստրության
710 2# - ADDED ENTRY--CORPORATE NAME
Corporate name or jurisdiction name as entry element Ալ. Մյասնիկյանի անվան հանրապետական գրադարան
Subordinate unit Գրադարանագիտության գիտա-մեթոդական բաժին
Holdings
Withdrawn status Lost status Damaged status Not for loan Collection Home library Current library Date acquired Total checkouts Full call number Barcode Date last seen Price effective from Koha item type Public note
        General Fundamental Scientific Library Fundamental Scientific Library 22/12/2016   021.2:9(479.25)1.4 220060802 22/12/2016 22/12/2016 Գրքեր / Books 30 Days Loan
        General Fundamental Scientific Library Fundamental Scientific Library 22/12/2016   021.2:9(479.25)1.4 220060803 22/12/2016 22/12/2016 Գրքեր / Books 30 Days Loan


ՀՀ ԳԱԱ հիմնարար գիտական գրադարան
ՀՀ,Երևան 0019
Մարշալ Բաղրամյան 24/6
հեռախոս:(374-10) 52-47-50
Հետադարձ կապ

All site content, except where otherwise noted, is licensed under a
Creative Commons License